Ekonomické projektovanie agropodnikania v trhovej ekonomike pre procesory privatizácie.
Ekonomické projektovanie agropodnikania pre procesy privatizácie. Súčasný stav transformácie slovenského poľnohospodárstva. Právno-legislatívne a organizačné východiská. Metodika zostavenia ekonomického projektu a zohľadnenie etáp vývoja podniku. Variantné modely projektov rodinných fariem a doplnko...
Salvato in:
| Autore principale: | |
|---|---|
| Natura: | Capitolo di libro |
| Lingua: | slovacco |
| Soggetti: | |
| Tags: |
Nessun Tag, puoi essere il primo ad aggiungerne!!
|
MARC
| LEADER | 00000naa a2200000 4500 | ||
|---|---|---|---|
| 001 | r008492 | ||
| 005 | 20220831091056.5 | ||
| 041 | 0 | |a slo | |
| 044 | |a [CS] | ||
| 245 | 1 | 0 | |a Ekonomické projektovanie agropodnikania v trhovej ekonomike pre procesory privatizácie. |c D. Mosný |
| 520 | |a Ekonomické projektovanie agropodnikania pre procesy privatizácie. Súčasný stav transformácie slovenského poľnohospodárstva. Právno-legislatívne a organizačné východiská. Metodika zostavenia ekonomického projektu a zohľadnenie etáp vývoja podniku. Variantné modely projektov rodinných fariem a doplnkové hospodárenia na pôde. Využitie počítačového programového spracovania. | ||
| 610 | 2 | 0 | |a privatizácia |
| 610 | 2 | 0 | |a podnikanie |
| 610 | 2 | 0 | |a agrokomplex |
| 610 | 2 | 0 | |a poľnohospodárstvo |
| 610 | 2 | 0 | |a Slovensko |
| 610 | 2 | 0 | |a legislatíva |
| 610 | 2 | 0 | |a projektovanie |
| 610 | 2 | 0 | |a metodika |
| 610 | 2 | 0 | |a farmy |
| 610 | 2 | 0 | |a využitie počítačov |
| 610 | 2 | 0 | |a transformácia |
| 100 | 1 | |a Mosný, D. | |